[Event "Stay Safe Play From Home 378"]
[Site "Emanuel Lasker Arena"]
[Date "2020.08.12"]
[Round "7"]
[White "Mepe_Nika"]
[Black "Dukic"]
[Result "1-0"]
[WhiteElo "2318"]
[BlackElo "1767"]
[PlyCount "87"]
[EventDate "2020.08.12"]
[EventType "swiss (blitz)"]

1. d4 {[%emt 0:00:03]} c6 {[%emt 0:00:01]} 2. e4 {[%emt 0:00:02]} d6 {[%emt 0:00:00]} 3. c4 {[%emt 0:00:02]} Nf6 {[%emt 0:00:01]} 4. Nc3 {[%emt 0:00:00]} Nbd7 {[%emt 0:00:01]} 5. Nf3 {[%emt 0:00:05]} e5 {[%emt 0:00:01]} 6. g3 {[%emt 0:00:03]} Be7 {[%emt 0:00:01]} 7. Bg2 {[%emt 0:00:01]} O-O {[%emt 0:00:01]} 8. O-O {[%emt 0:00:00]} Re8 {[%emt 0:00:01]} 9. Re1 {[%emt 0:00:01]} Qb6 {[%emt 0:00:01]} 10. Rb1 {[%emt 0:00:03]} a5 {[%emt 0:00:02]} 11. h3 {[%emt 0:00:05]} h6 {[%emt 0:00:02]} 12. Be3 {[%emt 0:00:01]} Qa6 {[%emt 0:00:04]} 13. Bf1 {[%emt 0:00:02]} exd4 {[%emt 0:00:11]} 14. Nxd4 {[%emt 0:00:03]} Nc5 {[%emt 0:00:04]} 15. Nb3 {[%emt 0:00:22]} Be6 {[%emt 0:00:20]} 16. e5 {[%emt 0:00:05]} Nfd7 {[%emt 0:00:41]} 17. exd6 {[%emt 0:00:02]} Nxb3 {[%emt 0:00:29]} 18. axb3 {[%emt 0:00:00]} Bd8 {[%emt 0:00:30]} 19. Ne4 {[%emt 0:00:42]} b6 {[%emt 0:00:08]} 20. c5 {[%emt 0:00:15]} Qa7 {[%emt 0:00:04]} 21. cxb6 {[%emt 0:00:03]} Bxb6 {[%emt 0:00:02]} 22. Bxb6 {[%emt 0:00:03]} Qxb6 {[%emt 0:00:01]} 23. Bc4 {[%emt 0:00:08]} Bf5 {[%emt 0:00:05]} 24. Qh5 {[%emt 0:00:15]} g6 {[%emt 0:00:14]} 25. Qxh6 {[%emt 0:00:01]} Rxe4 {[%emt 0:00:16]} 26. Rxe4 {[%emt 0:00:16]} Bxe4 {[%emt 0:00:03]} 27. Re1 {[%emt 0:00:00]} Qd4 {[%emt 0:00:06]} 28. Qf4 {[%emt 0:00:17]} Nc5 {[%emt 0:00:30]} 29. Qxf7+ {[%emt 0:00:04]} Kh8 {[%emt 0:00:04]} 30. d7 {[%emt 0:00:08]} Nxd7 {[%emt 0:00:23]} 31. Rxe4 {[%emt 0:00:10]} Qxe4 {[%emt 0:00:07]} 32. Qxd7 {[%emt 0:00:01]} Rf8 {[%emt 0:00:06]} 33. Qd2 {[%emt 0:00:04]} Kg7 {[%emt 0:00:05]} 34. h4 {[%emt 0:00:06]} Qf3 {[%emt 0:00:05]} 35. Qc3+ {[%emt 0:00:05]} Qxc3 {[%emt 0:00:02]} 36. bxc3 {[%emt 0:00:00]} Rd8 {[%emt 0:00:03]} 37. Kf1 {[%emt 0:00:16]} Rd2 {[%emt 0:00:01]} 38. Ke1 {[%emt 0:00:00]} Rc2 {[%emt 0:00:01]} 39. g4 {[%emt 0:00:01]} Rxc3 {[%emt 0:00:01]} 40. Kd2 {[%emt 0:00:01]} Rh3 {[%emt 0:00:01]} 41. h5 {[%emt 0:00:01]} g5 {[%emt 0:00:01]} 42. Be6 {[%emt 0:00:03]} Kf6 {[%emt 0:00:00]} 43. Bd7 {[%emt 0:00:01]} c5 {[%emt 0:00:02]} 44. f4 {[%emt 0:00:03] Zeit Zeit Zeit (Lag: Av=0.41s, max=0.6s) (Lag: Av=0.41s, max=0.6s) (Lag: Av=0.41s, max=0.6s)} 1-0

[Event "Stay Safe Play From Home 378"]
[Site "Emanuel Lasker Arena"]
[Date "2020.08.12"]
[Round "7"]
[White "SelamiSahin"]
[Black "Lazieri3"]
[Result "1/2-1/2"]
[WhiteElo "2207"]
[BlackElo "1966"]
[PlyCount "179"]
[EventDate "2020.08.12"]
[EventType "swiss (blitz)"]

{Yarar, Atakan} 1. d4 {[%emt 0:00:04]} c6 {[%emt 0:00:00]} 2. c4 {[%emt 0:00:01]} d5 {[%emt 0:00:00]} 3. Nc3 {[%emt 0:00:01]} Nf6 {[%emt 0:00:34]} 4. Nf3 {[%emt 0:00:05]} Bf5 {[%emt 0:00:05]} 5. cxd5 {[%emt 0:00:01]} cxd5 {[%emt 0:00:05]} 6. Qb3 {[%emt 0:00:01]} Qb6 {[%emt 0:00:06]} 7. Nxd5 {[%emt 0:00:05]} Nxd5 {[%emt 0:00:19]} 8. Qxd5 {[%emt 0:00:00]} e6 {[%emt 0:00:06]} 9. Qb3 {[%emt 0:00:01]} Nc6 {[%emt 0:00:08]} 10. e3 {[%emt 0:00:04]} Qxb3 {[%emt 0:00:06]} 11. axb3 {[%emt 0:00:00]} Bd6 {[%emt 0:00:07]} 12. Bb5 {[%emt 0:00:04]} O-O {[%emt 0:00:07]} 13. Bd2 {[%emt 0:00:03]} Be4 {[%emt 0:00:07]} 14. Ke2 {[%emt 0:00:05]} Rfd8 {[%emt 0:00:10]} 15. Rhc1 {[%emt 0:00:04]} Rac8 {[%emt 0:00:08]} 16. Bxc6 {[%emt 0:00:10]} bxc6 {[%emt 0:00:10]} 17. Rxa7 {[%emt 0:00:03]} f6 {[%emt 0:00:12]} 18. Ba5 {[%emt 0:00:07]} Ra8 {[%emt 0:00:08]} 19. Bb6 {[%emt 0:00:02]} Rxa7 {[%emt 0:00:11]} 20. Bxa7 {[%emt 0:00:00]} e5 {[%emt 0:00:08]} 21. dxe5 {[%emt 0:00:01]} Bxe5 {[%emt 0:00:10]} 22. Nxe5 {[%emt 0:00:06]} fxe5 {[%emt 0:00:00]} 23. f3 {[%emt 0:00:12]} Bd3+ {[%emt 0:00:05]} 24. Ke1 {[%emt 0:00:01]} Bb5 {[%emt 0:00:07]} 25. Rd1 {[%emt 0:00:05]} Rxd1+ {[%emt 0:00:01]} 26. Kxd1 {[%emt 0:00:01]} Kf7 {[%emt 0:00:02]} 27. g4 {[%emt 0:00:16]} Ke6 {[%emt 0:00:06]} 28. h4 {[%emt 0:00:03]} g6 {[%emt 0:00:04]} 29. Kd2 {[%emt 0:00:04]} h5 {[%emt 0:00:03]} 30. e4 {[%emt 0:00:03]} Bf1 {[%emt 0:00:07]} 31. g5 {[%emt 0:00:05]} Bb5 {[%emt 0:00:05]} 32. Kc3 {[%emt 0:00:02]} Be2 {[%emt 0:00:02]} 33. f4 {[%emt 0:00:07]} exf4 {[%emt 0:00:02]} 34. Kd2 {[%emt 0:00:00]} Bb5 {[%emt 0:00:19]} 35. Bb8 {[%emt 0:00:05]} f3 {[%emt 0:00:02]} 36. Bg3 {[%emt 0:00:01]} Be2 {[%emt 0:00:06]} 37. Ke3 {[%emt 0:00:01]} Bd1 {[%emt 0:00:02]} 38. b4 {[%emt 0:00:02]} Be2 {[%emt 0:00:01]} 39. Kd4 {[%emt 0:00:01]} Bb5 {[%emt 0:00:02]} 40. Be1 {[%emt 0:00:04]} Be2 {[%emt 0:00:01]} 41. Ke3 {[%emt 0:00:01]} Bd1 {[%emt 0:00:02]} 42. Kd2 {[%emt 0:00:02]} Be2 {[%emt 0:00:01]} 43. Ke3 {[%emt 0:00:01]} Bd1 {[%emt 0:00:03]} 44. Bc3 {[%emt 0:00:02]} Be2 {[%emt 0:00:01]} 45. Bh8 {[%emt 0:00:03]} Bd1 {[%emt 0:00:01]} 46. Bg7 {[%emt 0:00:01]} Be2 {[%emt 0:00:00]} 47. Kd2 {[%emt 0:00:02]} Bb5 {[%emt 0:00:01]} 48. Ke3 {[%emt 0:00:02]} Be2 {[%emt 0:00:00]} 49. Bf8 {[%emt 0:00:01]} Kf7 {[%emt 0:00:01]} 50. Bd6 {[%emt 0:00:02]} Ke6 {[%emt 0:00:00]} 51. Bg3 {[%emt 0:00:01]} Bd1 {[%emt 0:00:01]} 52. Kd2 {[%emt 0:00:02]} Be2 {[%emt 0:00:01]} 53. Be1 {[%emt 0:00:01]} Bb5 {[%emt 0:00:01]} 54. Bf2 {[%emt 0:00:04]} Be2 {[%emt 0:00:00]} 55. Ke3 {[%emt 0:00:02]} Bd1 {[%emt 0:00:01]} 56. Bg3 {[%emt 0:00:01]} Be2 {[%emt 0:00:01]} 57. Bb8 {[%emt 0:00:01]} Bd1 {[%emt 0:00:01]} 58. Ba7 {[%emt 0:00:01]} Be2 {[%emt 0:00:00]} 59. Kf4 {[%emt 0:00:02]} Bd1 {[%emt 0:00:01]} 60. Kg3 {[%emt 0:00:01]} Ke5 {[%emt 0:00:03]} 61. Kf2 {[%emt 0:00:07]} Kxe4 {[%emt 0:00:01]} 62. Kg3 {[%emt 0:00:04]} Be2 {[%emt 0:00:01] Lazieri3 offers a draw Lazieri3 offers a draw Lazieri3 offers a draw} 63. Bb8 {[%emt 0:00:08]} Bb5 {[%emt 0:00:00]} 64. Bd6 {[%emt 0:00:01]} Be2 {[%emt 0:00:00]} 65. Bc5 {[%emt 0:00:01]} Bb5 {[%emt 0:00:00]} 66. Kf2 {[%emt 0:00:00]} Be2 {[%emt 0:00:00]} 67. Ke1 {[%emt 0:00:01]} Bb5 {[%emt 0:00:00]} 68. Kf2 {[%emt 0:00:01]} Be2 {[%emt 0:00:00]} 69. Kg3 {[%emt 0:00:01]} Bb5 {[%emt 0:00:00]} 70. Bd6 {[%emt 0:00:01]} Be2 {[%emt 0:00:00]} 71. Bf8 {[%emt 0:00:02]} Bb5 {[%emt 0:00:00]} 72. Bg7 {[%emt 0:00:01]} Be2 {[%emt 0:00:00]} 73. Bf8 {[%emt 0:00:01]} Bb5 {[%emt 0:00:00]} 74. b3 {[%emt 0:00:02]} Ke3 {[%emt 0:00:01]} 75. Bc5+ {[%emt 0:00:01]} Ke2 {[%emt 0:00:01]} 76. Bf2 {[%emt 0:00:01]} Bd3 {[%emt 0:00:01]} 77. Bg1 {[%emt 0:00:02]} Bb5 {[%emt 0:00:00]} 78. Ba7 {[%emt 0:00:02]} Bd3 {[%emt 0:00:00]} 79. Bc5 {[%emt 0:00:05]} Bc2 {[%emt 0:00:01]} 80. b5 {[%emt 0:00:11]} cxb5 {[%emt 0:00:01]} 81. b4 {[%emt 0:00:00]} Bd3 {[%emt 0:00:01]} 82. Bd4 {[%emt 0:00:02]} Bc4 {[%emt 0:00:00]} 83. Bg1 {[%emt 0:00:01]} Bd3 {[%emt 0:00:00]} 84. Bf2 {[%emt 0:00:01]} Bc4 {[%emt 0:00:00]} 85. Ba7 {[%emt 0:00:01]} Bd3 {[%emt 0:00:00]} 86. Bb6 {[%emt 0:00:01]} Bc4 {[%emt 0:00:00]} 87. Bc5 {[%emt 0:00:01]} Bd3 {[%emt 0:00:00]} 88. Bd4 {[%emt 0:00:02]} Bc4 {[%emt 0:00:00]} 89. Kf4 {[%emt 0:00:01]} Bd3 {[%emt 0:00:00]} 90. Kg3 {[%emt 0:00:02] (Lag: Av=0.61s, max=1.2s) (Lag: Av=0.61s, max=1.2s) (Lag: Av=0.61s, max=1.2s)} 1/2-1/2

[Event "Stay Safe Play From Home 378"]
[Site "Emanuel Lasker Arena"]
[Date "2020.08.12"]
[Round "7"]
[White "MihailoVujic"]
[Black "Hickey"]
[Result "0-1"]
[WhiteElo "2130"]
[BlackElo "2067"]
[PlyCount "46"]
[EventDate "2020.08.12"]
[EventType "swiss (blitz)"]

1. e4 {[%emt 0:00:03]} c6 {[%emt 0:00:02]} 2. d4 {[%emt 0:00:01]} d5 {[%emt 0:00:00]} 3. f3 {[%emt 0:00:01]} e6 {[%emt 0:00:04]} 4. Nc3 {[%emt 0:00:01]} Bb4 {[%emt 0:00:03]} 5. Bd2 {[%emt 0:00:01]} dxe4 {[%emt 0:00:06]} 6. Nxe4 {[%emt 0:00:03]} Bxd2+ {[%emt 0:00:08]} 7. Qxd2 {[%emt 0:00:01]} Nf6 {[%emt 0:00:03]} 8. O-O-O {[%emt 0:00:02]} O-O {[%emt 0:00:02]} 9. Nh3 {[%emt 0:00:11]} Nbd7 {[%emt 0:00:09]} 10. Bd3 {[%emt 0:00:02]} Qc7 {[%emt 0:00:24]} 11. g4 {[%emt 0:00:05]} e5 {[%emt 0:00:33]} 12. dxe5 {[%emt 0:00:31]} Nxe4 {[%emt 0:00:13]} 13. Bxe4 {[%emt 0:00:07]} Nxe5 {[%emt 0:00:01]} 14. Qg5 {[%emt 0:00:17]} h6 {[%emt 0:00:07]} 15. Qh4 {[%emt 0:00:04]} f5 {[%emt 0:00:06]} 16. gxf5 {[%emt 0:00:05]} Bxf5 {[%emt 0:00:00]} 17. Rhg1 {[%emt 0:00:03]} Bxe4 {[%emt 0:00:04]} 18. fxe4 {[%emt 0:00:03]} Nf3 {[%emt 0:00:01]} 19. Qxh6 {[%emt 0:00:13]} Nxg1 {[%emt 0:00:05]} 20. Rxg1 {[%emt 0:00:02]} Rf1+ {[%emt 0:00:03]} 21. Kd2 {[%emt 0:00:10]} Rd8+ {[%emt 0:00:06]} 22. Ke2 {[%emt 0:00:06]} Qxh2+ {[%emt 0:00:02]} 23. Kxf1 {[%emt 0:00:04]} Rd1# {[%emt 0:00:03] (Lag: Av=0.79s, max=1.0s) (Lag: Av=0.79s, max=1.0s) (Lag: Av=0.79s, max=1.0s)} 0-1

[Event "Stay Safe Play From Home 378"]
[Site "Emanuel Lasker Arena"]
[Date "2020.08.12"]
[Round "7"]
[White "CabianoFaruana"]
[Black "Greblah"]
[Result "1-0"]
[WhiteElo "2077"]
[BlackElo "1905"]
[PlyCount "97"]
[EventDate "2020.08.12"]
[EventType "swiss (blitz)"]

1. e4 {[%emt 0:00:02]} c6 {[%emt 0:00:01]} 2. c4 {[%emt 0:00:01]} d5 {[%emt 0:00:00]} 3. cxd5 {[%emt 0:00:00]} cxd5 {[%emt 0:00:01]} 4. exd5 {[%emt 0:00:00]} Qxd5 {[%emt 0:00:01]} 5. Nc3 {[%emt 0:00:01]} Qd6 {[%emt 0:00:02]} 6. Nf3 {[%emt 0:00:02]} e5 {[%emt 0:00:01]} 7. d4 {[%emt 0:00:05]} exd4 {[%emt 0:00:07]} 8. Qxd4 {[%emt 0:00:00]} Nc6 {[%emt 0:00:06]} 9. Qxd6 {[%emt 0:00:04]} Bxd6 {[%emt 0:00:01]} 10. Bb5 {[%emt 0:00:01]} Nge7 {[%emt 0:00:03]} 11. O-O {[%emt 0:00:12]} O-O {[%emt 0:00:01]} 12. Be3 {[%emt 0:00:06]} a6 {[%emt 0:00:05]} 13. Ba4 {[%emt 0:00:02]} b5 {[%emt 0:00:05]} 14. Bb3 {[%emt 0:00:03]} Na5 {[%emt 0:00:05]} 15. Bc2 {[%emt 0:00:09]} Nc4 {[%emt 0:00:03]} 16. Bc1 {[%emt 0:00:01]} Bg4 {[%emt 0:00:06]} 17. b3 {[%emt 0:00:02]} Nb6 {[%emt 0:00:08]} 18. Be3 {[%emt 0:00:07]} Rab8 {[%emt 0:00:10]} 19. Rad1 {[%emt 0:00:22]} Bb4 {[%emt 0:00:12]} 20. Ne4 {[%emt 0:00:10]} Nf5 {[%emt 0:00:16]} 21. Bf4 {[%emt 0:00:24]} Rbc8 {[%emt 0:00:10]} 22. Bb1 {[%emt 0:00:05]} Bxf3 {[%emt 0:00:13]} 23. gxf3 {[%emt 0:00:03]} Nh4 {[%emt 0:00:04]} 24. Rd3 {[%emt 0:00:35]} Rfd8 {[%emt 0:00:18]} 25. Rfd1 {[%emt 0:00:04]} Nxf3+ {[%emt 0:00:07]} 26. Kg2 {[%emt 0:00:08]} Nh4+ {[%emt 0:00:02]} 27. Kh3 {[%emt 0:00:06]} Rxd3+ {[%emt 0:00:03]} 28. Rxd3 {[%emt 0:00:00]} Ng6 {[%emt 0:00:02]} 29. Be3 {[%emt 0:00:11]} Na8 {[%emt 0:00:28]} 30. Rd7 {[%emt 0:00:28]} Ne5 {[%emt 0:00:12]} 31. Ra7 {[%emt 0:00:02]} a5 {[%emt 0:00:20]} 32. f4 {[%emt 0:00:29]} Nc6 {[%emt 0:00:01]} 33. Rd7 {[%emt 0:00:03]} Re8 {[%emt 0:00:08]} 34. Kg2 {[%emt 0:00:09]} f5 {[%emt 0:00:03]} 35. Nd6 {[%emt 0:00:07]} Rxe3 {[%emt 0:00:09]} 36. Nxf5 {[%emt 0:00:11]} Re2+ {[%emt 0:00:06]} 37. Kf3 {[%emt 0:00:01]} Rb2 {[%emt 0:00:17]} 38. Rxg7+ {[%emt 0:00:02]} Kf8 {[%emt 0:00:01]} 39. Be4 {[%emt 0:00:03]} Bc3 {[%emt 0:00:09]} 40. Rxh7 {[%emt 0:00:02]} Nd4+ {[%emt 0:00:20]} 41. Nxd4 {[%emt 0:00:01]} Bxd4 {[%emt 0:00:01]} 42. Rh8+ {[%emt 0:00:01]} Kg7 {[%emt 0:00:03]} 43. Rxa8 {[%emt 0:00:02]} Rf2+ {[%emt 0:00:01]} 44. Kg4 {[%emt 0:00:01]} Kf6 {[%emt 0:00:02]} 45. Ra6+ {[%emt 0:00:01]} Ke7 {[%emt 0:00:01]} 46. Kf5 {[%emt 0:00:00]} Rxh2 {[%emt 0:00:02]} 47. Rxa5 {[%emt 0:00:01]} b4 {[%emt 0:00:01]} 48. Rb5 {[%emt 0:00:01]} Bc3 {[%emt 0:00:01]} 49. Rb7+ {[%emt 0:00:01] Zeit Zeit Zeit (Lag: Av=0.40s, max=0.6s) (Lag: Av=0.40s, max=0.6s) (Lag: Av=0.40s, max=0.6s)} 1-0

[Event "Stay Safe Play From Home 378"]
[Site "Emanuel Lasker Arena"]
[Date "2020.08.12"]
[Round "7"]
[White "Ionelluca"]
[Black "buzaglo"]
[Result "1-0"]
[WhiteElo "1913"]
[BlackElo "1765"]
[Annotator "NA"]
[PlyCount "49"]
[EventDate "2020.08.12"]
[EventType "swiss (blitz)"]

1. e4 {[%emt 0:00:02]} e5 {[%emt 0:00:01]} 2. Bc4 {[%emt 0:00:02]} Be7 {[%emt 0:00:02]} 3. Nf3 {[%emt 0:00:01]} d6 {[%emt 0:00:01]} 4. h3 {[%emt 0:00:05]} Nf6 {[%emt 0:00:03]} 5. d3 {[%emt 0:00:02]} O-O {[%emt 0:00:03]} 6. c3 {[%emt 0:00:01]} c6 {[%emt 0:00:02]} 7. Bb3 {[%emt 0:00:01]} a5 {[%emt 0:00:17]} 8. a4 {[%emt 0:00:03]} Nbd7 {[%emt 0:00:12]} 9. Qe2 {[%emt 0:00:02]} Nc5 {[%emt 0:00:02]} 10. Bc2 {[%emt 0:00:01]} Qc7 {[%emt 0:00:03]} 11. b4 {[%emt 0:00:02]} axb4 {[%emt 0:00:03]} 12. cxb4 {[%emt 0:00:01]} Ne6 {[%emt 0:00:03]} 13. O-O {[%emt 0:00:07]} d5 {[%emt 0:00:01]} 14. Bd2 {[%emt 0:00:11]} d4 {[%emt 0:00:06]} 15. Rc1 {[%emt 0:00:02]} Qb6 {[%emt 0:00:05]} 16. Nxe5 {[%emt 0:00:06]} Bxb4 {[%emt 0:00:01]} 17. Nc4 {[%emt 0:00:04]} Qc5 {[%emt 0:00:05]} 18. Nba3 {[%emt 0:00:16]} Bxd2 {[%emt 0:00:04]} 19. Nxd2 {[%emt 0:00:02]} Qe7 {[%emt 0:00:03]} 20. Bb3 {[%emt 0:00:01]} c5 {[%emt 0:00:02]} 21. Nb5 {[%emt 0:00:04]} b6 {[%emt 0:00:16]} 22. Nc4 {[%emt 0:00:03]} Ba6 {[%emt 0:00:09]} 23. Nxb6 {[%emt 0:00:04]} Rab8 {[%emt 0:00:05]} 24. Nd5 {[%emt 0:00:03]} Bxb5 {[%emt 0:00:08]} 25. Nxe7+ {[%emt 0:00:03] buzaglo resigns buzaglo resigns buzaglo resigns (Lag: Av=0.64s, max=1.1s) (Lag: Av=0.64s, max=1.1s) (Lag: Av=0.64s, max=1.1s)} 1-0

[Event "Stay Safe Play From Home 378"]
[Site "Emanuel Lasker Arena"]
[Date "2020.08.12"]
[Round "7"]
[White "W Nelles"]
[Black "Erdema"]
[Result "0-1"]
[WhiteElo "1431"]
[BlackElo "1671"]
[Annotator "NA"]
[PlyCount "64"]
[EventDate "2020.08.12"]
[EventType "swiss (blitz)"]

1. e4 {[%emt 0:00:07]} e5 {[%emt 0:00:03]} 2. Nf3 {[%emt 0:00:01]} Nc6 {[%emt 0:00:02]} 3. Bc4 {[%emt 0:00:02]} Bc5 {[%emt 0:00:02]} 4. O-O {[%emt 0:00:01]} Nf6 {[%emt 0:00:06]} 5. c3 {[%emt 0:00:00]} d6 {[%emt 0:00:03]} 6. d3 {[%emt 0:00:05]} h6 {[%emt 0:00:02]} 7. Be3 {[%emt 0:00:02]} Bb6 {[%emt 0:00:02]} 8. b4 {[%emt 0:00:01]} a6 {[%emt 0:00:02]} 9. a4 {[%emt 0:00:02]} Bd7 {[%emt 0:00:02]} 10. b5 {[%emt 0:00:04]} axb5 {[%emt 0:00:02]} 11. Bxb5 {[%emt 0:00:02]} O-O {[%emt 0:00:02]} 12. Qb3 {[%emt 0:00:06]} Ng4 {[%emt 0:00:04]} 13. Bxb6 {[%emt 0:00:02]} cxb6 {[%emt 0:00:02]} 14. d4 {[%emt 0:00:05]} Na5 {[%emt 0:00:03]} 15. Qb4 {[%emt 0:00:04]} Bxb5 {[%emt 0:00:05]} 16. axb5 {[%emt 0:00:01]} exd4 {[%emt 0:00:04]} 17. Nxd4 {[%emt 0:00:03]} Qh4 {[%emt 0:00:06]} 18. h3 {[%emt 0:00:03]} Ne5 {[%emt 0:00:06]} 19. Qxd6 {[%emt 0:00:11]} Qxe4 {[%emt 0:00:02]} 20. Nd2 {[%emt 0:00:08]} Qf4 {[%emt 0:00:08]} 21. g3 {[%emt 0:00:10]} Nf3+ {[%emt 0:00:04]} 22. N2xf3 {[%emt 0:00:05]} Qxd6 {[%emt 0:00:02]} 23. Rad1 {[%emt 0:00:07]} Qc5 {[%emt 0:00:04]} 24. Nh4 {[%emt 0:00:07]} Qxc3 {[%emt 0:00:05]} 25. Nhf5 {[%emt 0:00:03]} Nc4 {[%emt 0:00:04]} 26. Nxg7 {[%emt 0:00:05]} Kxg7 {[%emt 0:00:07]} 27. Nf5+ {[%emt 0:00:02]} Kf6 {[%emt 0:00:02]} 28. g4 {[%emt 0:00:05]} Kg6 {[%emt 0:00:04]} 29. Nh4+ {[%emt 0:00:03]} Kh7 {[%emt 0:00:02]} 30. Rd7 {[%emt 0:00:07]} Qxh3 {[%emt 0:00:04]} 31. Nf5 {[%emt 0:00:06]} Qxg4+ {[%emt 0:00:03]} 32. Ng3 {[%emt 0:00:03]} Qxd7 {[%emt 0:00:02] W Nelles gibt auf W Nelles gibt auf W Nelles gibt auf (Lag: Av=0.68s, max=1.1s) (Lag: Av=0.68s, max=1.1s) (Lag: Av=0.68s, max=1.1s)} 0-1